Các quá trình, thiết bị trong công nghệ hoá chất thực phẩm: Các quá trình hóa học

Tài liệu giới thiệu về phương trình dòng, phương pháp tỷ lượng, nhiệt động hóa học, động hóa học của phản ứng ...

Sparad:
Bibliografiska uppgifter
Huvudupphovsman: Nguyễn, Bin
Materialtyp: Bok
Språk:Undetermined
Publicerad: Hà Nội Khoa học và Kỹ thuật 2005
Ämnen:
Taggar: Lägg till en tagg
Inga taggar, Lägg till första taggen!
Thư viện lưu trữ: Trung tâm Học liệu Trường Đại học Cần Thơ
LEADER 00858nam a2200217Ia 4500
001 CTU_88124
008 210402s9999 xx 000 0 und d
020 |c 44000 
082 |a 681.754 
082 |b B311/T.5 
100 |a Nguyễn, Bin 
245 0 |a Các quá trình, thiết bị trong công nghệ hoá chất thực phẩm: Các quá trình hóa học 
245 0 |c Nguyễn Bin 
260 |a Hà Nội 
260 |b Khoa học và Kỹ thuật 
260 |c 2005 
520 |a Tài liệu giới thiệu về phương trình dòng, phương pháp tỷ lượng, nhiệt động hóa học, động hóa học của phản ứng ... 
650 |a Chemical engineering 
650 |x Equipment and supplies 
904 |i Úy Chị 
980 |a Trung tâm Học liệu Trường Đại học Cần Thơ